Alemán: un caso interminable
Shranjeno v:
| Format: | Texto |
|---|---|
| Teme: | |
| Oznake: |
Označite
Brez oznak, prvi označite!
|
MARC
| LEADER | 00000 a a2200000 04500 | ||
|---|---|---|---|
| 001 | 6642 | ||
| 003 | |||
| 040 | |||
| 245 | |a Alemán: |b un caso interminable | ||
| 650 | |a CORRUPCION | ||
| 650 | |a NICARAGUA | ||
| 773 | |g volumen 23, número 1038; páginas 9-10 | ||
| 999 | |c 19719 |d 19719 | ||
